000 00496nam a22001697a 4500
003 OSt
005 20230118123044.0
008 221006b |||||||| |||| 00| 0 eng d
020 _a0 935314 52 0
040 _cBiblioteca Lado V
082 _a708
_bH511y
100 _9561
_aHenger, Sue
_eeditor
245 _aYou Are Here/
260 _bCalifornia State University
_bFullerton Main Art Gallery
_c1995
_aPasadena
300 _a41p.
_c23x23cm
942 _2ddc
_c1
_h708
_iH511y
_n0
999 _c2817
_d2817